Normal view
MARC view
- Duruy, Victor,
Entry Nombre Personal
001 - NUMERO DE CONTROL
- campo de control: 53737
003 - IDENTIFICADOR DE NUMERO DE CONTROL
- campo de control: DLC
005 - FECHA Y HORA DE LA ÜLTIMA TRANSACCIÓN
- campo de control: 20240925152140.0
008 - DATOS DE LONGITUD FIJA
- campo de control de longitud fija: 240925|| aca||aabn | aaa d
010 ## - NÚMERO DE CONTROL DE LA BIBLIOTECA DEL CONGRESO
- Número de control LC: n 80105074
035 ## - NUMERO DE CONTROL
- Número de control: (OCoLC)oca00485923
040 ## - FUENTE DE CATALOGACIÓN
- Agencia original de catalogación: DLC
- Lenguaje de catalogación: spa
- Agencia de transcripción: OCoLC
- Agencia que lo modifica: DLC
- Agencia que lo modifica: MX-MxUPN
100 1# - ENCABEZAMIENTO - NOMBRE PERSONAL
- Nombre personal: Duruy, Victor,
- Fechas asociadas con el nombre: 1811-1894
670 ## - FUENTE EN LA QUE SE LOCALIZARON DATOS
- Cita de la fuente: Autoridades LC, 25 septiembre 2024 :
- Información localizada: (Duruy, Victor, 1811-1894)
902 ## - CATALOGADOR
- Catalogador: MaríaRobles/250924
